[Event "Saarland-ch A 87th"]
[Site "Voelklingen"]
[Date "2012.04.01"]
[Round "3"]
[White "Klesen, Thomas"]
[Black "Saar, Christian"]
[Result "0-1"]
[WhiteElo "1669"]
[BlackElo "1639"]
[PlyCount "70"]
[EventDate "2012.03.30"]
[EventType "swiss"]
[EventRounds "6"]
[EventCountry "GER"]
[SourceTitle "EXT 2013"]
[Source "ChessBase"]
[SourceDate "2012.11.22"]
[SourceVersion "1"]
[SourceVersionDate "2012.11.22"]
[SourceQuality "1"]

1. e4 c5 2. Nc3 Nc6 3. g3 g6 4. Bg2 Bg7 5. Nge2 d6 6. h3 Nf6 7. 0-0 0-0 8. d3 Be6 9. Be3 Qc7 10. Qd2 Rfd8 11. Rad1 b6 12. Nf4 Bc8 13. a3 Bb7 14. f3 e6 15. h4 d5 16. exd5 exd5 17. Bf2 d4 18. Nce2 Ne5 19. Be1 Bh6 20. g4 g5 21. Nh3 Nfxg4 22. fxg4 Bxg2 23. Kxg2 Nxg4 24. Bg3 Qc6+ 25. Kg1 Ne3 26. Rf2 gxh4 27. Bf4 Bxf4 28. Nexf4 Kh8 29. Re1 Rg8+ 30. Rg2 Rxg2+ 31. Nxg2 Rg8 32. Re2 Qf3 33. Rxe3 dxe3 34. Qc3+ f6 35. Nhf4 Qxf4 0-1